header

William Shakespeare (Record no. 46687)

MARC details
000 -LEADER
fixed length control field 01444nam a2200361Ia 4500
082 04 - DEWEY DECIMAL CLASSIFICATION NUMBER
Classification number 822.33
245 00 - TITLE STATEMENT
Title William Shakespeare
260 ## - PUBLICATION, DISTRIBUTION, ETC. (IMPRINT)
Place of publication London :
Name of publisher Routledge,
Year of publication 1976.
300 ## - PHYSICAL DESCRIPTION
Number of Pages xiv, 583 p.
490 1# - SERIES STATEMENT
Series statement The critical heritage series
Series statement William Shakespeare ;
505 0# - FORMATTED CONTENTS NOTE
Formatted contents note v. 4 1753-1765
650 #0 - SUBJECT ADDED ENTRY--TOPICAL TERM
Topical Term English literature.
700 1# - ADDED ENTRY--PERSONAL NAME
Personal name Vickers, Brian.
856 40 - ELECTRONIC LOCATION AND ACCESS
Uniform Resource Identifier http://site.ebrary.com/lib/rucke/Doc?id=10061109

No items available.

© 2026 Rongo University
Contact us: librarian | system librarian | Rongo university